000
00249nam a2200097Ia 4500
001
1107413
005
20250827003457.0
008
250824s9999 xx 000 0 und d
245
0
_a
FEN KÖYÜ
_c
YUSUF ÇELEBİ İKBAL YILDIRIM
260
_b
MODEL ÇOCUK
999
_c
1107413
_d
1107413